Straight As in World Geography Quiz Stats

 Plays Quiz Updated Dec 20, 2017

Challenge
Share
Tweet
Embed
Score 0/33 Timer 08:00
1 Play Today
% Correct
Qatar
89%
Canada
83.1%
Japan
82.8%
Panama
79.8%
Ghana
78.8%
Rwanda
74.3%
Kazakhstan
73.3%
Bahamas
68.9%
Chad
62.8%
Malta
61.7%
Madagascar
60.3%
Warsaw, Poland
56.3%
Jakarta, Indonesia
54.3%
Ankara, Turkey
51.4%
Havana, Cuba
48.5%
Kyrgyzstan
47.2%
Astana, Kazakhstan
46.9%
% Correct
Dhaka, Bangladesh
46.3%
Dakar, Senegal
43.9%
Myanmar
43.8%
Manama, Bahrain
40.6%
Sana’a, Yemen
40.5%
Rabat, Morocco
40.4%
Accra, Ghana
39%
Caracas, Venezuela
37.9%
Amman, Jordan
36.7%
Asmara, Eritrea
30.1%
Kampala, Uganda
29.4%
Baghdad, Iraq
29%
Ramallah, Palestine
25.2%
Tarawa, Kiribati
25.1%
La Paz, Bolivia
24.7%
Ashgabat, Turkmenistan
21.9%

You're not logged in!

Compare scores with friends on all Sporcle quizzes.
Join for Free
OR
Log In

You Might Also Like...

Show Comments

Extras

Top Quizzes Today


Score Distribution

Your Account Isn't Verified!

In order to create a playlist on Sporcle, you need to verify the email address you used during registration. Go to your Sporcle Settings to finish the process.

Report this User

Report this user for behavior that violates our Community Guidelines.

Details: